000 00642nam a2200205Ia 4500
005 20260121110318.0
008 008 260114s9999 xx 000 0 hin d
020 _a9788132367093
037 _aEBOOK
040 _aCRL
_bhin
_cCRL
041 _ahin
_2hin
084 _qCRL
100 _aअनुपमा चौधरी / Anupama Chaudhary
_9944633
245 0 _aवीडियो ब्लॉगिंग / Video Blogging
260 _bभाषा प्रकाशन / Bhasha Prakashan
_c2021
856 _uhttps://bhashaprakashan.com/product-details/379566
942 _cEBOOK
999 _c1536297
_d1536297